000 00389nam a2200157Ia 4500
008 230711s9999||||xx |||||||||||||| ||und||
041 _aENG
082 _a619
_bMV-I
100 _aProf.M.V.Ranganath
245 0 _aIndustry institute partnership
250 _a1st . Ed.
260 _c1996
_aNew Delhi
_bISTE Learing Material
300 _a94
650 _aTextile Engineering
942 _cBK
999 _c3474
_d3474